Online katalóg knižníc regiónu Turca

Poltava (Record no. 21183)

MARC details
000 -LEADER
fixed length control field 02118cam a2200613 a 4500
001 - CONTROL NUMBER
control field 21183
003 - CONTROL NUMBER IDENTIFIER
control field VRT
005 - DATE AND TIME OF LATEST TRANSACTION
control field 20260224140640.0
008 - FIXED-LENGTH DATA ELEMENTS--GENERAL INFORMATION
fixed length control field 250312s1947 xo g 000 p slo
015 ## - NATIONAL BIBLIOGRAPHY NUMBER
National bibliography number SNBA19451955-009959
035 ## - SYSTEM CONTROL NUMBER
System control number SK01SNKBKSFS20010085375
035 ## - SYSTEM CONTROL NUMBER
System control number urn:nbn:sk:snk-am3hwam
035 ## - SYSTEM CONTROL NUMBER
System control number 5143D2A3-C3AA-4CFC-88ED-E571ACA91094
035 ## - SYSTEM CONTROL NUMBER
System control number urn:nbn:sk:snk-am00db9m
035 ## - SYSTEM CONTROL NUMBER
System control number SKM000087838
039 #9 - LEVEL OF BIBLIOGRAPHIC CONTROL AND CODING DETAIL [OBSOLETE]
Level of rules in bibliographic description 202503121333
Level of effort used to assign nonsubject heading access points VLOAD
Level of effort used to assign subject headings 202208171059
Level of effort used to assign classification AUTHORITY
Level of effort used to assign subject headings 202010151436
Level of effort used to assign classification csnkv18
Level of effort used to assign subject headings 202008201811
Level of effort used to assign classification msvkbb08
040 ## - CATALOGING SOURCE
Original cataloging agency SNK
Language of cataloging slo
Transcribing agency SNK
Description conventions AACR2
041 1# - LANGUAGE CODE
Language code of text/sound track or separate title slo
Language code of original rus
044 ## - COUNTRY OF PUBLISHING/PRODUCING ENTITY CODE
MARC country code xo
ISO country code SK
072 #7 - SUBJECT CATEGORY CODE
Subject category code 821.161.1
Subject category code subdivision Ruská literatúra
Source konspekt
080 ## - UNIVERSAL DECIMAL CLASSIFICATION NUMBER
Universal Decimal Classification number 821.161.1
Edition identifier 2011
080 ## - UNIVERSAL DECIMAL CLASSIFICATION NUMBER
Universal Decimal Classification number (082.21)
Edition identifier 2011
100 1# - MAIN ENTRY--PERSONAL NAME
Personal name Puškin, Aleksandr Sergejevič,
Dates associated with a name 1799-1837
Relationship aut
245 10 - TITLE STATEMENT
Title Poltava
Remainder of title výbor z epiky
Statement of responsibility, etc. A.S. Puškin ; preložil Rudo Brtáň
250 ## - EDITION STATEMENT
Edition statement 1. vyd.
260 ## - PUBLICATION, DISTRIBUTION, ETC.
Place of publication, distribution, etc. Turčiansky Sv. Martin
Name of publisher, distributor, etc. Matica slovenská
Date of publication, distribution, etc. 1947
Place of manufacture Turčiansky Sv. Martin
Manufacturer Neografia
300 ## - PHYSICAL DESCRIPTION
Extent 226, (3) s.
Dimensions
490 1# - SERIES STATEMENT
Series statement Slovanská knižnica
Volume/sequential designation sv. 4
500 ## - GENERAL NOTE
General note Preložené z ruštiny
650 07 - SUBJECT ADDED ENTRY--TOPICAL TERM
Topical term or geographic name entry element ruská poézia
Source of heading or term SNKPH
650 07 - SUBJECT ADDED ENTRY--TOPICAL TERM
Topical term or geographic name entry element Russian literature
Source of heading or term SNKPHeng
655 #7 - INDEX TERM--GENRE/FORM
Genre/form data or focus term výbery
Source of term SNKPH
655 #7 - INDEX TERM--GENRE/FORM
Genre/form data or focus term Selections
Source of term SNKPHeng
700 1# - ADDED ENTRY--PERSONAL NAME
Personal name Brtáň, Rudo,
Dates associated with a name 1907-1998
Relationship trl
700 1# - ADDED ENTRY--PERSONAL NAME
Personal name Favorskij, Vladimir Andrejevič,
Dates associated with a name 1886-1964
Relationship ill
700 1# - ADDED ENTRY--PERSONAL NAME
Personal name Benka, Martin,
Dates associated with a name 1888-1971
Relationship bjd
740 02 - ADDED ENTRY--UNCONTROLLED RELATED/ANALYTICAL TITLE
Uncontrolled related/analytical title Poltava
740 02 - ADDED ENTRY--UNCONTROLLED RELATED/ANALYTICAL TITLE
Uncontrolled related/analytical title Bratia zbojníci
740 02 - ADDED ENTRY--UNCONTROLLED RELATED/ANALYTICAL TITLE
Uncontrolled related/analytical title Cigáni
740 02 - ADDED ENTRY--UNCONTROLLED RELATED/ANALYTICAL TITLE
Uncontrolled related/analytical title Gróf Nulin
740 02 - ADDED ENTRY--UNCONTROLLED RELATED/ANALYTICAL TITLE
Uncontrolled related/analytical title Domček v Kolome
740 02 - ADDED ENTRY--UNCONTROLLED RELATED/ANALYTICAL TITLE
Uncontrolled related/analytical title Angelo
740 02 - ADDED ENTRY--UNCONTROLLED RELATED/ANALYTICAL TITLE
Uncontrolled related/analytical title Medený jazdec
740 02 - ADDED ENTRY--UNCONTROLLED RELATED/ANALYTICAL TITLE
Uncontrolled related/analytical title Tazit
830 #0 - SERIES ADDED ENTRY--UNIFORM TITLE
Uniform title Slovanská knižnica
942 ## - ADDED ENTRY ELEMENTS (KOHA)
Source of classification or shelving scheme Dewey Decimal Classification
Koha item type Krásna literatúra pre dospelých
Suppress in OPAC No
949 ## - LOCAL PROCESSING INFORMATION (OCLC)
6 270001000639503
a svkbbS 38971
b svkbbm 3518
949 ## - LOCAL PROCESSING INFORMATION (OCLC)
6 17A0560045
a snkSD 5556/4 D1
b snkKSK 1609/58
949 ## - LOCAL PROCESSING INFORMATION (OCLC)
6 17A0560103
a snkSD 5556/4 D2
b snkF 867/63
949 ## - LOCAL PROCESSING INFORMATION (OCLC)
6 17A0908894
a snkSD 5556/4
b snk583/47
o snkI. 379/47 - druhé ev. č.
s 6100:20181113
949 ## - LOCAL PROCESSING INFORMATION (OCLC)
6 273K0387862
a svkpoA 27052
b svkpo64588
Holdings
Stav vyradenia Strata Poškodenie Spôsob nadobudnutia Domovská knižnica Aktuálna knižnica Dátum nadobudnutia Total checkouts Čiarový kód exemplára Date last seen Typ exemplára
      Dar Obecná knižnica Horná Štubňa Obecná knižnica Horná Štubňa 24.02.2026   4736201456 24.02.2026 Krásna literatúra pre dospelých
Projekt je podporený Slovenskou asociáciou knižníc
Prevádzkuje Turčianska knižnica Martin 2026